Elektrické a dielektrické vlastnosti korundových keramík pripravených izostatickým lisovaním = Electrical and dielectrical properties of corundum ceramics prepared by isostatic pressing : Bakalárska práca

Enregistré dans:
Détails bibliographiques
Auteur principal: Papp, Marián, 1984- (Auteur)
Autres auteurs: Trnovcová, Viera, 1936- (xxx)
Format: Manuscrit Livre
Langue:slovaque
Publié: Trnava : STU v Bratislave MTF UMAT, 2008
Sujets:
Tags: Ajouter un tag
Pas de tags, Soyez le premier à ajouter un tag!

MARC

LEADER 00000ntm a22000003a 4500
001 stu175323
005 20160719154332.9
008 081103s2008----xo------------------slo-d
040 |a STU  |b slo 
041 0 |a slo 
044 |a xo 
100 1 |a Papp, Marián,  |d 1984-  |4 aut  |X 31506  |7 A000031506 
245 1 |a Elektrické a dielektrické vlastnosti korundových keramík pripravených izostatickým lisovaním = Electrical and dielectrical properties of corundum ceramics prepared by isostatic pressing :  |b Bakalárska práca 
260 |a Trnava :  |b STU v Bratislave MTF UMAT,  |c 2008 
300 |a 60 s  |c 1 CD-ROM 
500 |a Odbor: materiálové inžinierstvo 
650 7 |a izostatické lisovanie  |2 stusub 
700 1 |a Trnovcová, Viera,  |d 1936-  |4 xxx  |u M210  |U MTF Ústav materiálov  |T MTF Katedra fyziky  |X 1462  |U M210  |Y M210  |7 A000001462 
996 |b 284M069247  |c M*BP-3507  |l MMSKP  |s P  |a 0  |w stu175323_0001